000 01817nam0a2200373 i 4500
001 RU\NLR\BIBL_A\010301865
005 20260408080643.0
010 _a978-5-905751-35-6
_9300
021 _aRU
_b2014-9278
_9583
035 _a(NILC)RuMoRGB-006740986
035 _a(NLR Aleph) 010301865
090 _a10597561
_c10597561
100 _a20140403d2013 u y0rusy50 ca
101 0 _arus
_avog
102 _aRU
105 _aa|||z||||00ay
200 1 _aМансийские загадки
_eMāньси āмщит
_fДеп. образования и молодеж. политики Ханты-Манс. авт. окр. - ЮГРЫ, БУ ХМАО -ЮГРЫ "Обско-угор. ин-т приклад. исслед. и разработок"
_g[авт.-сост., пер. Слинкина Т.Д.
_gхудож.: И.В. Соколова]
_zvog
210 _aХанты-Мансийск
_cЮграфика
_d2013
215 _a15 с.
_cцв. ил.
_d21
300 _aТекст парал. на рус. яз. и манси
510 1 _aMāньси āмщит
_zvog
686 0 _aШ9(2)3=Ма-5
702 1 _aСлинкина
_bТ. Д.
_gТатьяна Дмитриевна
_4220
702 1 _4040
_7ca
_8rus
_aСоколова
_bИ. В.
_cхудожник
_f1957-
_gИрина Валентиновна
_3RU\NLR\AUTH\770136961
_9136926
712 0 2 _4570
_aОбско-угорский институт прикладных исследований и разработок
_cХанты-Мансийск
_3RU\NLR\AUTH\8810098523
_9698059
801 0 _aRU
_bРГБ
_c20140218
_gRCR
801 1 _aRU
_bРГБ
_c20140218
_2rusmarc
852 _aNLR
_bОНЛ
_jМанс./2-39
942 _cBOOK
980 _aNBR